书目信息 |
| 题名: |
图书资料的分类
|
|
| 作者: | 宫坂逸郎 编 ;宋益民 译 | |
| 分册: | ||
| 出版信息: | 北京 书目文献出版社 1982 |
|
| 页数: | 285页 | |
| 开本: | 19cm | |
| 丛书名: | ||
| 单 册: | ||
| 中图分类: | G254.1 | |
| 科图分类: | ||
| 主题词: | 分类法--理论 , 图书馆学 , 图书馆事业 | |
| 电子资源: | ||
| ISBN: | ||
| 000 | 00729nam0 2200265 45 | |
| 001 | 0182003221 | |
| 005 | 20060820113543.28 | |
| 010 | @dCNY1.00 | |
| 091 | @a7201.6 | |
| 100 | @a19950624d1982 em y0chiy0121 ea | |
| 101 | 1 | @achi@cjpn |
| 102 | @aCN@b110000 | |
| 105 | @ay z 000yy | |
| 200 | 10 | @a图书资料的分类@Atu shu zi liao de fen lei@f(日)宫坂逸郎等编@g宋益民译 |
| 210 | @a北京@c书目文献出版社@d1982 | |
| 215 | @a285页@d19cm | |
| 606 | @a分类法@x理论 | |
| 606 | 0 | @a图书馆学 |
| 606 | 0 | @a图书馆事业 |
| 690 | @aG254.1 | |
| 701 | 0 | @a宫坂逸郎@Agong ban yi lang@f日@4编 |
| 702 | 0 | @a宋益民@Asong yi min@4译 |
| 801 | 0 | @aCN@b上海图书馆@c20060820 |
| 801 | 2 | @aCN@bNLC@c20060803 |
| 905 | @f5@b92422-426@dG254.1@e14 | |
| 图书资料的分类/(日)宫坂逸郎等编/宋益民译.-北京:书目文献出版社,1982 |
| 285页;19cm |
| ISBN :CNY1.00 |
| ● |
| 相关链接 |
|
|
|
|
正题名:图书资料的分类
索取号:G254.1/14
 
预约/预借
| 序号 | 登录号 | 条形码 | 馆藏地/架位号 | 状态 | 备注 |
| 1 | 0092422 | 000502557 | 第一样本阅览室/ [索取号:G254.1/14] | 在馆 | |
| 2 | 0092423 | 000501610 | 密集书库/ [索取号:G254.1/14] | 在馆 | |
| 3 | 0092424 | 000501638 | 密集书库/ [索取号:G254.1/14] | 在馆 | |
| 4 | 0092425 | 000502566 | 密集书库/ [索取号:G254.1/14] | 在馆 | |
| 5 | 0092426 | 000501629 | 密集书库/ [索取号:G254.1/14] | 在馆 | |
| 6 | 0446673 | 204466737 | 密集书库/ [索取号:G254.1/14] | 在馆 | |
| 7 | 0471660 | 204716600 | 密集书库/ [索取号:G254.1/14] | 在馆 |